000 00505nam a22001697a 4500
005 20251108170119.0
008 250721s9999 xx 000 0 ara d
082 1 4 _aط/ق/ندو
100 1 _aحسن، ندوة
245 1 0 _aكركر ذو النظارات /
264 1 _aبغداد :
_bدار الحرية للطباعة،
_c[19-].
300 _a18ص : مص بالألوان
490 0 _aالسلسلة القصصية ؛ 6
650 1 7 _aقصص الأطفال
942 _2ddc
_cBK
999 _c40066
_d40066